ARRUPE JESUIT UNIVERSITY

CORONAVIRUS -STOP THE SPREAD - CLEAN,DISINFECT,COVER

On the plurality of worlds / (Record no. 120852)

MARC details
000 -LEADER
fixed length control field 01017cam a2200349 a 4500
001 - CONTROL NUMBER
control field 454450
003 - CONTROL NUMBER IDENTIFIER
control field ARRUPE
005 - DATE AND TIME OF LATEST TRANSACTION
control field 20140915175942.0
008 - FIXED-LENGTH DATA ELEMENTS--GENERAL INFORMATION
fixed length control field 860321s1986 enk b 001 0 eng
010 ## - LIBRARY OF CONGRESS CONTROL NUMBER
LC control number 85015099
020 ## - INTERNATIONAL STANDARD BOOK NUMBER
International Standard Book Number 0631139931 (U.S.) :
Terms of availability $39.95
020 ## - INTERNATIONAL STANDARD BOOK NUMBER
International Standard Book Number 063113994X (U.S. : pbk.) :
Terms of availability $12.95
035 ## - SYSTEM CONTROL NUMBER
System control number (OCoLC)12236763
035 ## - SYSTEM CONTROL NUMBER
System control number (OCoLC)ocm12236763
035 ## - SYSTEM CONTROL NUMBER
System control number (CStRLIN)NYCG86-B30485
035 ## - SYSTEM CONTROL NUMBER
System control number (NNC)454450
040 ## - CATALOGING SOURCE
Modifying agency CStRLIN
Transcribing agency DCL
050 0# - LIBRARY OF CONGRESS CALL NUMBER
Classification number BD655
Item number .L48 1986
082 0# - DEWEY DECIMAL CLASSIFICATION NUMBER
Classification number 111
Edition number 19
090 ## - LOCALLY ASSIGNED LC-TYPE CALL NUMBER (OCLC); LOCAL CALL NUMBER (OCLC)
Classification number (OCLC) (R) ; Classification number, CALL (RLIN) (NR) BD655
Local cutter number (OCLC) ; Book number/undivided call number, CALL (RLIN) .L48 1986
300 ## - PHYSICAL DESCRIPTION
Dimensions 24 cm.
100 1# - MAIN ENTRY--PERSONAL NAME
Personal name Lewis, David K.
9 (RLIN) 11312
245 10 - TITLE STATEMENT
Title On the plurality of worlds /
Statement of responsibility, etc David Lewis.
260 ## - PUBLICATION, DISTRIBUTION, ETC. (IMPRINT)
Place of publication, distribution, etc Oxford, UK ;
-- New York, NY, USA :
Name of publisher, distributor, etc B. Blackwell,
Date of publication, distribution, etc 1986.
300 ## - PHYSICAL DESCRIPTION
Extent ix, 276 p. ;
500 ## - GENERAL NOTE
General note Includes index.
504 ## - BIBLIOGRAPHY, ETC. NOTE
Bibliography, etc Bibliography: p. 264-270.
650 #0 - SUBJECT ADDED ENTRY--TOPICAL TERM
Topical term or geographic name as entry element Plurality of worlds.
9 (RLIN) 11313
650 #0 - SUBJECT ADDED ENTRY--TOPICAL TERM
Topical term or geographic name as entry element Modality (Theory of knowledge)
9 (RLIN) 11314
650 #0 - SUBJECT ADDED ENTRY--TOPICAL TERM
Topical term or geographic name as entry element Realism.
9 (RLIN) 11315
942 ## - ADDED ENTRY ELEMENTS (KOHA)
Source of classification or shelving scheme Library of Congress Classification
Koha item type Monograph ( Printed materials)
Holdings
Withdrawn status Lost status Source of classification or shelving scheme Damaged status Not for loan Collection code Home library Current library Shelving location Date acquired Total Checkouts Full call number Barcode Date last seen Price effective from Koha item type
    Library of Congress Classification     Main Collection ARRUPE LIBRARY ARRUPE LIBRARY Main Collection 15/09/2014   BD655 .L48 1986 46500001433 02/09/2016 15/09/2014 Monograph ( Printed materials)

 

Arrupe Library. PO Box MP320 Mt Pleasant, Harare, Zimbabwe
263 242 745411|librarian@aju.ac.zw